000 00997nam a2200313 a 4500
001 vtls000184590
003 NLI
005 20210602111257.0
008 101125s1970 ii 000 0 eng
020 _cRs. 12.00
039 9 _y201011252218
_zVLOAD
040 _aNLI
_beng
_cDatasoft 1
_eAACR2
041 0 _aeng
044 _aii
082 0 4 _a327.54
100 1 _aDatta, K. K.
_q(Kalikinkar K.),
_d1905-,
_cDr.
_9359523
245 1 0 _aModern India and world fellowship /
_cby K. K. Datta
260 _aCalcutta :
_bMacmillan,
_c1970
300 _a104 p. ;
_c23 cm.
440 0 _aKamala lectures, 1967
_9359524
504 _aBibliography : p. 101-103
651 0 _aIndia
_xRelations
_zForeign countries
_9327774
887 _a
901 _aDB17696
_b26.02.1971
902 _aE 327.54 D 262
942 _2ddc
_cBKS
949 _AVIRTUAITEM
_D10000
_X100
_6DBA000017696ENG
999 _aVIRTUA40
_c190864
_d190864
999 _aVTLSSORT0080*0200*0400*0410*0440*0820*1000*2450*2600*3000*4400*5040*6510*9010*9020*9490*9991